Slovácký valčík /

Hlavní autor: Maňas, František, 1921-2004
Další autoři: Bárta, Miloš, Čekan, Jiří
Jazyk: Čeština
Vydáno: Praha : Editio Praga, c1998
Edice: Česká dechová 14
Témata:
Fyzický popis: 1 řídící hlas ; 22 x 15 cm + 17 hlasů.
Hudebniny Hudebniny
Uloženo v:
LEADER 01149ncm a2200289 a 4500
001 000367326
003 CZ BrMZK
005 20130719082434.0
008 990305s1998 xr f cze d
015 |a cnb000926932 
024 2 |a M260001749 
028 0 3 |b Editio Praga 
040 |a BOA001  |b cze 
080 |a 788.085  |2 MRF 
100 1 |a Maňas, František,  |d 1921-2004  |7 jn20000620214  |4 cmp 
245 1 0 |a Slovácký valčík /  |c [hudba] František Maňas, [text] Jiří Čekan. Svítáníčko  |h [hudebnina] / [hudba] František Maňas, [text] Miloš Bárta. 
260 |a Praha :  |b Editio Praga,  |c c1998 
300 |a 1 řídící hlas ;  |c 22 x 15 cm +  |e 17 hlasů. 
490 1 |a Česká dechová 14 ;  |v No. D 112 
653 0 |a dechový orchestr  |a orchestrální polky  |a orchestrální valčíky  |a písně s dechovým orchestrem 
700 1 |a Bárta, Miloš  |7 ola2002158823  |4 lyr 
700 1 |a Čekan, Jiří  |7 mzk2013772263  |4 lyr 
830 0 |a Česká dechová 14 
910 |a BOA001  |b Mus2-1065.229 
964 |a Orchestr dechový  |x HUD 
990 |a MU 
996 6 |b 2610104137  |c Mus2-1065.229  |l MZK  |r Sklad / do 1 hodiny  |n 2  |p p.v.  |w 000367326  |u 000010  |a 1  |e BOA001  |j MZK50  |s P